ბათუმის შოთა რუსთაველის სახელმწიფო უნივერსიტეტის ბიბლიოთეკა

რამაც დამაფიქრა (ბიბ.ჩანაწერი № 42832)

000 -LEADER
fixed length control field 00815nam a2200229Ia 4500
001 - CONTROL NUMBER
control field 9538
003 - CONTROL NUMBER IDENTIFIER
control field GE_BSU
008 - FIXED-LENGTH DATA ELEMENTS--GENERAL INFORMATION
fixed length control field 181216s||||||||xx |||||||||||||| ||und||
040 ## - CATALOGING SOURCE
Transcribing agency GE_BSU
080 ## - UNIVERSAL DECIMAL CLASSIFICATION NUMBER
Universal Decimal Classification number 821.353.1–4
100 ## - MAIN ENTRY--PERSONAL NAME
Personal name მარუაშვილი,გივი
245 ## - TITLE STATEMENT
Title რამაც დამაფიქრა
245 ## - TITLE STATEMENT
Remainder of title მხატვრული ნარკვევები
245 ## - TITLE STATEMENT
Statement of responsibility, etc. რედ.დ.შენგელია.მხატვრ.მ.ჭანიშვილი
260 ## - PUBLICATION, DISTRIBUTION, ETC.
Place of publication, distribution, etc. თბილისი
260 ## - PUBLICATION, DISTRIBUTION, ETC.
Name of publisher, distributor, etc. საქ.კპ.ცკ–ის გამ–ბა
260 ## - PUBLICATION, DISTRIBUTION, ETC.
Date of publication, distribution, etc. 1974
300 ## - PHYSICAL DESCRIPTION
Extent 102გვ.17სმ.
653 ## - INDEX TERM--UNCONTROLLED
Uncontrolled term მხატვრული ნარკვევები
653 ## - INDEX TERM--UNCONTROLLED
Uncontrolled term რამაც დამაფიქრა
942 ## - ADDED ENTRY ELEMENTS (KOHA)
Koha item type წიგნი
ეგზემპლარები
Withdrawn status Lost status Damaged status Not for loan Date acquired Barcode Date last seen Price effective from Koha item type
        2018-12-17 32551 2018-12-17 2018-12-17 წიგნი
        2018-12-17 32552 2018-12-17 2018-12-17 წიგნი